<?xml version="1.0" encoding="UTF-8"?>
<record
    xmlns:xsi="http://www.w3.org/2001/XMLSchema-instance"
    xsi:schemaLocation="http://www.loc.gov/MARC21/slim http://www.loc.gov/standards/marcxml/schema/MARC21slim.xsd"
    xmlns="http://www.loc.gov/MARC21/slim">

  <leader>00788na  a2200265   4500</leader>
  <controlfield tag="001">13812</controlfield>
  <controlfield tag="003">MIRAKIL</controlfield>
  <controlfield tag="005">20181213154832.0</controlfield>
  <controlfield tag="008">160819b        tu            000 0      </controlfield>
  <datafield tag="020" ind1=" " ind2=" ">
    <subfield code="a">9789750167324</subfield>
  </datafield>
  <datafield tag="035" ind1=" " ind2=" ">
    <subfield code="a">13812</subfield>
  </datafield>
  <datafield tag="040" ind1=" " ind2=" ">
    <subfield code="a">Milas</subfield>
    <subfield code="b">tur</subfield>
    <subfield code="c">TR-AnCHP</subfield>
  </datafield>
  <datafield tag="082" ind1=" " ind2=" ">
    <subfield code="a">923.5 Y&#xFC;cel,S.</subfield>
    <subfield code="b">Y28k 2008</subfield>
  </datafield>
  <datafield tag="090" ind1=" " ind2=" ">
    <subfield code="a">923.5 Y&#xFC;cel,S. Y28k 2008</subfield>
  </datafield>
  <datafield tag="100" ind1=" " ind2=" ">
    <subfield code="a">Y&#xFC;cel, Sava&#x15F;</subfield>
  </datafield>
  <datafield tag="245" ind1=" " ind2=" ">
    <subfield code="a">Kan &#xE7;i&#xE7;ekleri</subfield>
    <subfield code="b">&#x15F;ehide a&#x11F;lanmaz</subfield>
    <subfield code="c">Sava&#x15F; Y&#xFC;cel</subfield>
  </datafield>
  <datafield tag="260" ind1=" " ind2=" ">
    <subfield code="a">Ankara</subfield>
    <subfield code="b">G&#xF6;kb&#xF6;r&#xFC; Yay&#x131;nc&#x131;l&#x131;k</subfield>
    <subfield code="c">2008</subfield>
  </datafield>
  <datafield tag="300" ind1=" " ind2=" ">
    <subfield code="a">xii, 183 s.</subfield>
    <subfield code="b">Fotg.</subfield>
    <subfield code="c">21 sm.</subfield>
  </datafield>
  <datafield tag="600" ind1=" " ind2=" ">
    <subfield code="a">Sava&#x15F; Y&#xFC;cel</subfield>
    <subfield code="d">1974- </subfield>
    <subfield code="x">An&#x131;lar</subfield>
  </datafield>
  <datafield tag="650" ind1=" " ind2=" ">
    <subfield code="a">&#x15E;ehitler</subfield>
    <subfield code="z">T&#xFC;rkiye</subfield>
  </datafield>
  <datafield tag="650" ind1=" " ind2=" ">
    <subfield code="a">Askerler</subfield>
    <subfield code="x">Ki&#x15F;isel anlat&#x131;mlar, T&#xFC;rk</subfield>
  </datafield>
  <datafield tag="650" ind1=" " ind2=" ">
    <subfield code="a">Ter&#xF6;rizm</subfield>
    <subfield code="z">T&#xFC;rkiye</subfield>
  </datafield>
  <datafield tag="650" ind1=" " ind2=" ">
    <subfield code="a">G&#xFC;ney Do&#x11F;u Olaylar&#x131;</subfield>
    <subfield code="e">An&#x131;lar</subfield>
  </datafield>
  <datafield tag="942" ind1=" " ind2=" ">
    <subfield code="2">ddc</subfield>
    <subfield code="c">BKS</subfield>
  </datafield>
  <datafield tag="952" ind1=" " ind2=" ">
    <subfield code="a">0001</subfield>
    <subfield code="b">0001</subfield>
    <subfield code="d">2016-08-18</subfield>
    <subfield code="e">2</subfield>
    <subfield code="l">1</subfield>
    <subfield code="o">923.5 Y&#xFC;cel,S. Y28k 2008</subfield>
    <subfield code="p">001349</subfield>
    <subfield code="r">2021-03-11 00:00:00</subfield>
    <subfield code="s">2020-12-24</subfield>
    <subfield code="v">0.00</subfield>
    <subfield code="w">2016-08-18</subfield>
    <subfield code="y">BKS</subfield>
  </datafield>
  <datafield tag="999" ind1=" " ind2=" ">
    <subfield code="c">1733</subfield>
    <subfield code="d">1733</subfield>
  </datafield>
</record>
